<?xml version="1.0" encoding="UTF-8"?>
<marc:record xmlns:marc="http://www.loc.gov/MARC21/slim">
   <marc:leader>00000nam a2200000 a 4500</marc:leader>
   <marc:datafield ind1="1" ind2=" " tag="100">
      <marc:subfield code="a">Litzka, Traude</marc:subfield>
      <marc:subfield code="4">ctb</marc:subfield>
      <marc:subfield code="e">Mitwirkende/-r</marc:subfield>
   </marc:datafield>
   <marc:datafield ind1="1" ind2=" " tag="100">
      <marc:subfield code="a">Rath, Michael</marc:subfield>
      <marc:subfield code="4">ctb</marc:subfield>
      <marc:subfield code="e">Mitwirkende/-r</marc:subfield>
   </marc:datafield>
   <marc:datafield ind1="1" ind2=" " tag="100">
      <marc:subfield code="a">Seligo, Elisabeth</marc:subfield>
      <marc:subfield code="4">ctb</marc:subfield>
      <marc:subfield code="e">Mitwirkende/-r</marc:subfield>
   </marc:datafield>
   <marc:datafield ind1=" " ind2=" " tag="653">
      <marc:subfield code="a">Senile Demenz</marc:subfield>
   </marc:datafield>
   <marc:datafield ind1=" " ind2=" " tag="653">
      <marc:subfield code="a">Angehöriger</marc:subfield>
   </marc:datafield>
   <marc:datafield ind1=" " ind2=" " tag="653">
      <marc:subfield code="a">Ratgeber</marc:subfield>
   </marc:datafield>
   <marc:datafield ind1="0" ind2="0" tag="245">
      <marc:subfield code="a">In einer anderen Welt</marc:subfield>
   </marc:datafield>
   <marc:datafield ind1="0" ind2="0" tag="245">
      <marc:subfield code="b">Wegweiser für Begleiter altersdementer Menschen</marc:subfield>
   </marc:datafield>
   <marc:datafield ind1="0" ind2="0" tag="245">
      <marc:subfield code="c">Traude Litzka ; Michael Rath ; Elisabeth Seligo</marc:subfield>
   </marc:datafield>
   <marc:datafield ind1=" " ind2="1" tag="264">
      <marc:subfield code="a">Wien</marc:subfield>
      <marc:subfield code="b">Böhlau</marc:subfield>
      <marc:subfield code="c">2007</marc:subfield>
   </marc:datafield>
   <marc:datafield ind1="1" ind2=" " tag="520">
      <marc:subfield code="a">Angaben aus der Verlagsmeldung

In einer anderen Welt : Altersdemente Menschen. Ein Wegweiser für all jene, die sie begleiten / von Traude Litzka, Michael Rath, Elisabeth Seligo

Was tun, wenn die alte Mutter pflegebedürftig wird? Wie reagieren, wenn der Vater auf einmal aggressiv und sonderbar ist? Wie mit der Behauptung der Großmutter umgehen, dass nachts fremde Männer unter ihrem Bett liegen?
Angehörige altersdementer Menschen stehen plötzlich vor Fragen und Problemen, die sie verunsichern und hilflos machen. Ihre Eltern, die bisher aktiv und selbstständig waren, beginnen sich auf einmal zu verändern und für ihre Umwelt unverständlich zu werden.
Wie kann man ihnen helfen?
Oft geht die Pflege zu Hause über die Grenzen des Möglichen, aber auch die Übersiedlung in ein Alten- oder Pflegeheim bringt meist für alle Betroffenen einen schmerzvollen Einschnitt:
Trauer, Zorn, Ohnmacht auf der einen Seite, Selbstvorwürfe und schlechtes Gewissen auf der anderen.
Die Autoren dieses Buches haben sich zum Ziel gesetzt, ihre Kenntnisse und Erfahrungen, die sie über diese Themen gesammelt haben, an die Angehörigen altersdementer Menschen weiterzugeben.
Traude Litzka schildert ihre praktischen Erfahrungen als Validationsanwenderin mit altersdementen Patienten im Pflegeheim. Michael Rath, der in der Gerontopsychotherapie tätig ist, deckt mit seinem Wissen über Alzheimer und Demenz den theoretischen Teil ab und Elisabeth Seligo beschäftigt sich als Psychotherapeutin mit den vielfältigen Problemen der Angehörigen.
</marc:subfield>
   </marc:datafield>
   <marc:datafield ind1=" " ind2=" " tag="020">
      <marc:subfield code="a">9783205776710</marc:subfield>
      <marc:subfield code="9">9783205776710</marc:subfield>
   </marc:datafield>
   <marc:datafield ind1=" " ind2=" " tag="020">
      <marc:subfield code="a">3205776712</marc:subfield>
      <marc:subfield code="9">3205776712</marc:subfield>
   </marc:datafield>
   <marc:datafield ind1=" " ind2=" " tag="041">
      <marc:subfield code="a">ger</marc:subfield>
   </marc:datafield>
   <marc:datafield ind1=" " ind2=" " tag="300">
      <marc:subfield code="a">211 S.</marc:subfield>
   </marc:datafield>
</marc:record>
